[Event "TCh-RUS HL 2022"]
[Site "Sochi RUS"]
[Date "2022.05.03"]
[Round "3.3"]
[Board "2"]
[White "Vastrukhin, Oleg"]
[Black "Zverev, Lev"]
[Result "1-0"]
[WhiteTitle "IM"]
[BlackTitle "CM"]
[WhiteElo "2376"]
[BlackElo "2117"]
[WhiteTeam "Gorod Armavir (Krasnodarskiy kray)"]
[BlackTeam "Shkola im. M.M. Botvinnika (g. Moskva)"]
[WhiteFideId "4192770"]
[BlackFideId "24250775"]
[EventDate "2022.05.01"]

1. Nf3 Nf6 2. g3 b5 3. Bg2 Bb7 4. O-O e6 5. a4 b4 6. d3 c5 7. e4 d6 8. Nbd2 Be7
9. Nc4 O-O 10. b3 d5 11. exd5 Nxd5 12. Bb2 Bf6 13. Nfe5 Nc6 14. Qg4 g6 15. Rae1
Nxe5 16. Bxe5 Bxe5 17. Rxe5 Rc8 18. h4 Nf6 19. Qg5 Bd5 20. Rfe1 Bxc4 21. dxc4 h6
22. Qf4 Kg7 23. Bf3 Qe7 24. g4 Nd7 25. Rd5 Nb6 26. Rd3 Rcd8 27. Red1 Rxd3 28.
Rxd3 Rd8 29. Qe5+ f6 30. Qe4 Rxd3 31. cxd3 f5 32. gxf5 gxf5 33. Qe5+ Kh7 34. Qb8
Qd7 35. a5 Nc8 36. a6 Nd6 37. d4 Qg7+ 38. Kf1 Qxd4 39. Qxa7+ Kg6 40. Qb6 Ne4 41.
Qxe6+ Kg7 42. Qe7+ Kg8 43. Bxe4 Qd1+ 44. Kg2 Qg4+ 45. Kh2 fxe4 46. Qe8+ Kh7 47.
Qf7+ Kh8 48. Qf6+ Kh7 49. a7 Qc8 50. Qe7+ Kg8 51. Qe5 1-0

[Event "TCh-RUS HL 2022"]
[Site "Sochi RUS"]
[Date "2022.05.03"]
[Round "3.3"]
[Board "3"]
[White "Yudin, Ivan"]
[Black "Ivanov, Alexander Al."]
[Result "1/2-1/2"]
[WhiteTitle "FM"]
[BlackTitle "GM"]
[WhiteElo "2303"]
[BlackElo "2400"]
[WhiteTeam "Shkola im. M.M. Botvinnika (g. Moskva)"]
[BlackTeam "Gorod Armavir (Krasnodarskiy kray)"]
[WhiteFideId "4198751"]
[BlackFideId "4126360"]
[EventDate "2022.05.01"]

1. d4 d6 2. e4 Nf6 3. Nc3 e5 4. Nf3 Nc6 5. Bb5 Bd7 6. Bxc6 Bxc6 7. Qd3 exd4 8.
Nxd4 Bd7 9. Bg5 Be7 10. O-O-O O-O 11. f3 c6 12. g4 Ne8 13. Be3 b5 14. Nf5 Bxf5
15. gxf5 Qa5 16. Kb1 Rd8 17. Ne2 Kh8 18. Rhg1 Bf6 19. Nf4 d5 20. exd5 Be5 21.
Qe4 Qc7 22. Nh5 cxd5 23. Rxd5 Rxd5 24. Qxd5 Nf6 25. Qc5 Qxc5 26. Bxc5 Rc8 27.
Nxf6 Rxc5 28. Ne4 Rd5 29. Ng3 Bxg3 30. hxg3 Rxf5 31. f4 g5 32. fxg5 Rxg5 33. c3
f5 34. Rf1 Kg7 35. Rf3 Kf6 36. Kc2 Rg4 37. Kd3 h5 38. b3 Ke5 39. Re3+ Kd5 40.
Rf3 Ke5 41. c4 bxc4+ 42. bxc4 h4 43. gxh4 Rxh4 44. Re3+ Kd6 45. Rf3 Ke5 1/2-1/2

[Event "TCh-RUS HL 2022"]
[Site "Sochi RUS"]
[Date "2022.05.03"]
[Round "3.3"]
[Board "4"]
[White "Derjabin, Ilja"]
[Black "Petrovsky, Nikita"]
[Result "1-0"]
[WhiteTitle "IM"]
[WhiteElo "2353"]
[BlackElo "1993"]
[WhiteTeam "Gorod Armavir (Krasnodarskiy kray)"]
[BlackTeam "Shkola im. M.M. Botvinnika (g. Moskva)"]
[WhiteFideId "14104768"]
[BlackFideId "54177367"]
[EventDate "2022.05.01"]

1. Nf3 d5 2. c4 e6 3. g3 dxc4 4. Na3 a6 5. Bg2 Nd7 6. Nxc4 Ngf6 7. O-O Be7 8. d3
O-O 9. Bd2 b5 10. Na5 c5 11. Ne5 Nd5 12. Nec6 Qe8 13. Nxe7+ Qxe7 14. Rc1 N7b6
15. Qc2 Bd7 16. Qxc5 Qxc5 17. Rxc5 Rac8 18. Rfc1 Rxc5 19. Rxc5 Rc8 20. Rxc8+
Bxc8 21. e4 Nf6 22. b3 Kf8 23. Kf1 Ke8 24. Ke2 Kd8 25. h3 Nfd7 26. d4 f6 27. Kd3
Kc7 28. Bb4 Bb7 29. Nxb7 Kxb7 30. f4 Kc7 31. Ba5 g6 32. h4 f5 33. e5 Kc8 34.
Bxb6 Nxb6 35. d5 exd5 36. Kd4 Kc7 37. Bxd5 Nd7 38. b4 Kd8 39. Bb7 Nb8 40. Bd5
Nd7 41. h5 Ke7 42. h6 Kd8 43. Bg8 Ke7 44. Kd5 1-0

[Event "TCh-RUS HL 2022"]
[Site "Sochi RUS"]
[Date "2022.05.03"]
[Round "3.4"]
[Board "1"]
[White "Belyakov, Bogdan"]
[Black "Gordievsky, Dmitry"]
[Result "1-0"]
[WhiteTitle "IM"]
[BlackTitle "GM"]
[WhiteElo "2457"]
[BlackElo "2559"]
[WhiteTeam "Qmal (QNAO)"]
[BlackTeam "Russkaya shakhmatnaya shkola-1 (g. Moskva)"]
[WhiteFideId "24104795"]
[BlackFideId "24112798"]
[EventDate "2022.05.01"]

1. e4 c5 2. Nf3 d6 3. Nc3 Nc6 4. d4 cxd4 5. Nxd4 Nf6 6. Bc4 Qb6 7. Nb3 e6 8. O-O
Be7 9. Be3 Qc7 10. f4 a6 11. a4 Nb4 12. Be2 e5 13. a5 Bd7 14. Bb6 Qc8 15. Qd2
O-O 16. Rad1 exf4 17. Rxf4 Nc6 18. Nd4 Ne5 19. Rff1 Re8 20. Nf5 Bxf5 21. exf5
Ned7 22. Bd4 Bd8 23. Ra1 Ne5 24. Kh1 h6 25. Bg1 Qc6 26. Rfd1 Bc7 27. Qd4 Rad8
28. Qa4 d5 29. Qxc6 bxc6 30. b4 Nc4 31. Bxc4 dxc4 32. Na4 Rxd1 33. Rxd1 Nd5 34.
c3 Re2 35. Bd4 Be5 36. Bxe5 Rxe5 37. h3 Re3 38. Rd4 Nxc3 39. Nc5 Nd5 40. Rxc4
Re1+ 41. Kh2 Ne3 42. Rc3 Re2 43. Nxa6 Rxg2+ 44. Kh1 Re2 45. Rxc6 Nxf5 46. Nc7
Ra2 47. a6 Nd4 48. Rc3 f5 49. Rd3 Nc6 50. b5 Ne5 51. Re3 Nc4 52. Rc3 Ra1+ 53.
Kg2 Ra2+ 54. Kf3 Nb6 55. Kf4 Kf7 56. Kxf5 Nd7 57. Rc6 Ra4 58. Rd6 Ke7 59. Rxd7+
Kxd7 60. b6 Ra5+ 61. Kg6 Rg5+ 62. Kh7 1-0

[Event "TCh-RUS HL 2022"]
[Site "Sochi RUS"]
[Date "2022.05.03"]
[Round "3.4"]
[Board "2"]
[White "Kryakvin, Dmitry"]
[Black "Savitskiy, Sergey"]
[Result "1-0"]
[WhiteTitle "GM"]
[BlackTitle "IM"]
[WhiteElo "2556"]
[BlackElo "2401"]
[WhiteTeam "Russkaya shakhmatnaya shkola-1 (g. Moskva)"]
[BlackTeam "Qmal (QNAO)"]
[WhiteFideId "4153278"]
[BlackFideId "24105660"]
[EventDate "2022.05.01"]

1. d4 Nf6 2. Nf3 g6 3. g3 Bg7 4. Bg2 O-O 5. O-O d6 6. c4 Nc6 7. d5 Na5 8. Na3 c5
9. Re1 a6 10. e4 e5 11. Rb1 h6 12. Bd2 b6 13. Nh4 Kh7 14. Bf1 Ng8 15. Nc2 Bf6
16. Ng2 Bh3 17. Bc3 Qd7 18. Nge3 Bxf1 19. Rxf1 Rae8 20. Qd3 Qh3 21. f4 exf4 22.
Rxf4 Bxc3 23. bxc3 Rb8 24. Nf5 gxf5 25. Rh4 Qxh4 26. gxh4 Rbe8 27. e5 Rxe5 28.
Rf1 Ne7 29. Ne3 Rg8+ 30. Kh1 Kh8 31. Nxf5 Nxf5 32. Rxf5 Nxc4 33. Rxf7 Re1+ 34.
Rf1 Rxf1+ 35. Qxf1 b5 36. Qf7 Rg7 37. Qf8+ Kh7 38. Qf5+ Kh8 39. Qc8+ Rg8 40.
Qxa6 Rf8 41. Qxb5 Ne3 42. h3 Kg7 43. Qe2 Nf5 44. Kg1 Rf7 45. a4 Re7 46. Qf2 Kf6
47. a5 Ra7 48. Qa2 Rg7+ 49. Kf2 Nxh4 50. Qa4 1-0

[Event "TCh-RUS HL 2022"]
[Site "Sochi RUS"]
[Date "2022.05.03"]
[Round "3.4"]
[Board "3"]
[White "Sergeyev, Alexander"]
[Black "Grebnev, Aleksey"]
[Result "1/2-1/2"]
[WhiteTitle "FM"]
[BlackTitle "FM"]
[WhiteElo "2328"]
[BlackElo "2453"]
[WhiteTeam "Qmal (QNAO)"]
[BlackTeam "Russkaya shakhmatnaya shkola-1 (g. Moskva)"]
[WhiteFideId "13702076"]
[BlackFideId "34189030"]
[EventDate "2022.05.01"]

1. d4 Nf6 2. c4 e6 3. g3 d5 4. Nf3 dxc4 5. Bg2 Bb4+ 6. Bd2 c5 7. O-O O-O 8. dxc5
Bxc5 9. Na3 Bxa3 10. bxa3 Nc6 11. Qa4 Qe7 12. Qxc4 Qxa3 13. Nd4 Bd7 14. Nb5 Qe7
15. Rab1 Rfc8 16. Qd3 Ne8 17. Bc1 a6 18. Ba3 Qd8 19. Nd6 Nxd6 20. Qxd6 Na5 21.
Bc5 Qe8 22. Bxb7 Nxb7 23. Rxb7 Bb5 24. Re7 Qf8 25. Rb1 Re8 26. e4 Rxe7 27. Qxe7
Qxe7 28. Bxe7 Re8 29. Bd6 Rc8 30. Bf4 h6 31. Rc1 Rd8 32. f3 Rd3 33. Kf2 Ra3 34.
Rc2 Bd3 35. Bd6 Bxc2 36. Bxa3 Bb1 37. Bb4 Bxa2 38. Ke3 Bc4 39. Kd4 Bf1 40. f4
Bh3 41. Ke5 f6+ 42. Kd4 Kf7 43. Bc3 Bg4 44. Bb4 Kg6 45. Ke3 Bd1 46. Bc3 Ba4 47.
Be1 Bb5 48. Ba5 Kh5 49. Bb4 Bf1 50. Kf2 Bc4 51. Ke3 g5 52. Bc3 f5 53. exf5 exf5
54. fxg5 hxg5 55. h4 f4+ 56. gxf4 gxh4 57. f5 Kg5 58. Be1 h3 59. Bg3 Kxf5 1/2-1/2

[Event "TCh-RUS HL 2022"]
[Site "Sochi RUS"]
[Date "2022.05.03"]
[Round "3.4"]
[Board "4"]
[White "Vetokhin, Savva"]
[Black "Semenova, Elena1"]
[Result "1/2-1/2"]
[WhiteTitle "FM"]
[BlackTitle "WIM"]
[WhiteElo "2383"]
[BlackElo "2280"]
[WhiteTeam "Russkaya shakhmatnaya shkola-1 (g. Moskva)"]
[BlackTeam "Qmal (QNAO)"]
[WhiteFideId "44144474"]
[BlackFideId "24125148"]
[EventDate "2022.05.01"]

1. e4 e5 2. Nf3 Nc6 3. Bb5 Nf6 4. O-O Nxe4 5. Re1 Nd6 6. Nxe5 Be7 7. Bf1 Nxe5 8.
Rxe5 O-O 9. d4 Bf6 10. Re1 Re8 11. Rxe8+ Nxe8 12. c3 d5 13. Bd3 Be6 14. Bf4 c6
15. Nd2 Be7 16. Qc2 g6 17. Re1 Ng7 18. Nf1 Bd6 19. Bxd6 Qxd6 20. Ng3 Re8 21. Qd2
Bd7 22. Rxe8+ Nxe8 23. Qg5 f6 24. Qe3 Qe6 25. Qf4 Qd6 26. Qh6 Qf8 27. Qe3 Kg7
28. h4 Nd6 29. b3 Nf7 30. h5 Qd6 31. c4 Qe6 32. cxd5 cxd5 33. hxg6 hxg6 34. Ne2
g5 35. Qf3 Nh6 36. Qg3 Qb6 37. f4 Ng4 38. f5 Ne5 39. Qe3 Kf8 40. Bc2 Nf7 41. Nc3
Qc6 42. g4 Nd6 43. Bd1 Nb5 44. Nxb5 Qxb5 45. Qc3 b6 46. Bf3 Qc6 47. Qb4+ Kf7 48.
Qd2 Qd6 49. Qg2 Bc6 50. Qh3 Ke8 51. Qh5+ Kd8 52. Kg2 Qe7 53. Qh2 Kc8 54. Qh8+
Kc7 55. Qg8 a5 56. Kf2 Qd6 57. Qf7+ Kd8 58. Kf1 Bb5+ 59. Kg2 Bc6 60. a3 Qe7 61.
Qg8+ Qe8 62. Qh7 Qe7 63. Qxe7+ Kxe7 64. Be2 Kd6 65. b4 Ba4 66. b5 Bb3 67. Kf3
Bc2 68. Ke3 Bb1 69. Bd3 Bxd3 1/2-1/2

[Event "TCh-RUS HL 2022"]
[Site "Sochi RUS"]
[Date "2022.05.04"]
[Round "4.1"]
[Board "1"]
[White "Balashov, Yuri S"]
[Black "Chekhov, Sergei"]
[Result "1/2-1/2"]
[WhiteTitle "GM"]
[BlackTitle "IM"]
[WhiteElo "2417"]
[BlackElo "2451"]
[WhiteTeam "Sbornaya Rossii sredi veteranov"]
[BlackTeam "Inleksis (Voronezhskaya oblast)"]
[WhiteFideId "4100263"]
[BlackFideId "4195639"]
[EventDate "2022.05.01"]

1. d4 Nf6 2. c4 e6 3. Nf3 b6 4. g3 Bb7 5. Bg2 Be7 6. O-O O-O 7. Nc3 Ne4 8. Bd2
Bf6 9. Rc1 Nxd2 10. Qxd2 d6 11. Rfd1 Nd7 12. Ne1 Bxg2 13. Kxg2 Qc8 14. Nf3 Qb7
15. e4 a6 16. Qe2 c5 17. dxc5 dxc5 18. a4 Rad8 19. b3 h6 20. Rd3 Bxc3 21. Rcxc3
Nb8 22. Rxd8 Rxd8 23. Rd3 Rxd3 24. Qxd3 Qd7 25. Qxd7 Nxd7 26. Kf1 g5 27. h3 Kg7
28. Ke2 Kf6 29. Ke3 h5 30. h4 g4 31. Ne1 a5 32. Ng2 e5 33. Kd3 Ke6 34. Ne3 f6
35. Kd2 Nb8 36. Nd5 Nd7 37. Ke3 f5 38. Nc7+ Kf6 39. Nd5+ Ke6 40. Nc7+ Kf6 41.
Nd5+ 1/2-1/2

[Event "TCh-RUS HL 2022"]
[Site "Sochi RUS"]
[Date "2022.05.04"]
[Round "4.1"]
[Board "2"]
[White "Klimentov, Evgeny"]
[Black "Kalegin, Evgenij"]
[Result "1/2-1/2"]
[WhiteTitle "FM"]
[BlackTitle "IM"]
[WhiteElo "2281"]
[BlackElo "2416"]
[WhiteTeam "Inleksis (Voronezhskaya oblast)"]
[BlackTeam "Sbornaya Rossii sredi veteranov"]
[WhiteFideId "24128899"]
[BlackFideId "4103416"]
[EventDate "2022.05.01"]

1. e4 c5 2. Nf3 e6 3. d4 cxd4 4. Nxd4 a6 5. g3 d5 6. Nb3 Nf6 7. exd5 Qxd5 8.
Qxd5 Nxd5 9. Bg2 Be7 10. O-O O-O 11. N1d2 Nd7 12. c3 Nc5 13. Nxc5 Bxc5 14. Nb3
Ba7 15. c4 Nb4 16. Bd2 Nc6 17. Bc3 Bd7 18. Rfd1 Be8 19. Na5 Rb8 20. Nxc6 Bxc6
21. Bxc6 bxc6 22. Rd6 Rfc8 23. Rad1 Bc5 24. Rd7 f6 25. b3 e5 26. Kg2 h5 27. h3
Kh7 28. f4 exf4 29. Bxf6 f3+ 30. Kf1 Rg8 31. R1d3 Rbf8 32. Be7 Bxe7 33. Rxe7 Rf6
34. Kf2 Rgf8 35. Ree3 g5 36. g4 hxg4 37. hxg4 Kg6 38. Rxf3 Rxf3+ 39. Rxf3 Rd8
40. Ke3 Rd1 41. Rf5 Rg1 42. Rc5 Rg3+ 43. Kf2 Rxg4 44. Rxc6+ Kf5 45. Rxa6 Rf4+
46. Ke3 Re4+ 47. Kd3 Re8 48. Rh6 g4 49. c5 g3 50. Rh1 Rg8 51. Ke3 Kg4 52. b4 Ra8
53. Rc1 Rxa2 54. c6 g2 55. b5 Kf5 56. Kf3 Rc2 57. Rb1 Ke6 58. Kg3 Rb2 59. Re1+
Kd6 60. Rd1+ Kc7 61. Rd7+ Kc8 62. Kh2 1/2-1/2

[Event "TCh-RUS HL 2022"]
[Site "Sochi RUS"]
[Date "2022.05.04"]
[Round "4.1"]
[Board "3"]
[White "Zhelnin, Vladimir V"]
[Black "Aminov, Andrey"]
[Result "0-1"]
[WhiteTitle "IM"]
[WhiteElo "2380"]
[BlackElo "2297"]
[WhiteTeam "Sbornaya Rossii sredi veteranov"]
[BlackTeam "Inleksis (Voronezhskaya oblast)"]
[WhiteFideId "4105567"]
[BlackFideId "24162728"]
[EventDate "2022.05.01"]

1. e4 e5 2. Nf3 Nc6 3. Bc4 Nf6 4. d3 h6 5. O-O d6 6. c3 g5 7. a4 Bg7 8. a5 a6 9.
Nbd2 O-O 10. Qb3 Nh5 11. Kh1 Qf6 12. Qd1 Nf4 13. Ng1 Ne7 14. g3 Nfg6 15. Ndf3 c6
16. d4 d5 17. exd5 e4 18. d6 Nf5 19. Ne1 Nxd6 20. Bb3 Be6 21. Ng2 Rae8 22. Be3
Bxb3 23. Qxb3 Qe6 24. Qxe6 Rxe6 25. f4 exf3 26. Rxf3 Rfe8 27. Bf2 Nc4 28. Ra4 g4
29. Rf5 Nxb2 30. Ra2 Nd1 31. Rc2 Rf6 32. Rxf6 Bxf6 33. h3 h5 34. Be1 Bg5 35.
hxg4 hxg4 36. Ne2 Ne7 37. Bd2 Nf2+ 38. Kg1 Nh3+ 39. Kf1 Bxd2 40. Rxd2 Nf5 41. d5
Rd8 42. c4 cxd5 43. cxd5 Kf8 44. Rd3 Ke7 45. Ne3 Nxe3+ 46. Rxe3+ Kd6 47. Nc3 f5
48. Ke2 f4 49. gxf4 Nxf4+ 50. Kf2 Nxd5 51. Nxd5 Rf8+ 52. Kg3 Kxd5 53. Kxg4 Kc6
54. Re6+ Kb5 55. Rb6+ Kxa5 56. Rxb7 Ka4 57. Re7 a5 58. Re4+ Kb3 59. Re3+ Kb4 60.
Re4+ Kc3 61. Re3+ Kc2 62. Re2+ Kd3 63. Re7 Ra8 64. Rd7+ Ke3 65. Re7+ Kd4 66.
Rd7+ Kc3 67. Rc7+ Kd2 68. Rd7+ Ke2 69. Re7+ Kf2 70. Rf7+ Ke3 71. Re7+ Kd4 72.
Rd7+ Kc5 73. Rc7+ Kb6 74. Rc1 a4 75. Kf3 a3 76. Ke3 a2 77. Ra1 Kb5 0-1

[Event "TCh-RUS HL 2022"]
[Site "Sochi RUS"]
[Date "2022.05.04"]
[Round "4.1"]
[Board "4"]
[White "Polukhin, Alexander"]
[Black "Rashkovsky, Nukhim N"]
[Result "0-1"]
[BlackTitle "GM"]
[WhiteElo "2170"]
[BlackElo "2441"]
[WhiteTeam "Inleksis (Voronezhskaya oblast)"]
[BlackTeam "Sbornaya Rossii sredi veteranov"]
[WhiteFideId "34143022"]
[BlackFideId "4100603"]
[EventDate "2022.05.01"]

1. e4 c5 2. Nf3 a6 3. b3 d6 4. Bb2 e5 5. Nc3 Nf6 6. Bc4 b5 7. Bd3 Bb7 8. Qe2 Be7
9. O-O O-O 10. Ne1 Nc6 11. Nd1 d5 12. exd5 Nxd5 13. Ne3 Nf4 14. Qg4 Nd4 15. Nf5
g6 16. Nxe7+ Qxe7 17. c3 h5 18. Qd1 Nde6 19. Be2 Rad8 20. Bf3 e4 21. Be2 Qg5 22.
d4 exd3 23. Bf3 Bxf3 24. Qxf3 c4 25. Rd1 Rfe8 26. Kh1 Qe5 27. Bc1 Ne2 28. Bh6
Nxc3 29. Nxd3 cxd3 30. Rxd3 Rxd3 31. Qxd3 Qe2 32. Qxe2 Nxe2 33. Be3 Nc3 34. g3
Rd8 35. Kg2 Nxa2 36. Ra1 Nb4 37. Bb6 Rd3 38. Ra3 Nd4 39. Bc5 Ndc2 40. Ra2 Nxa2 0-1

[Event "TCh-RUS HL 2022"]
[Site "Sochi RUS"]
[Date "2022.05.04"]
[Round "4.2"]
[Board "1"]
[White "Trushnikov, Sergey"]
[Black "Bocharov, Dmitry"]
[Result "1/2-1/2"]
[BlackTitle "GM"]
[WhiteElo "2525"]
[BlackElo "2516"]
[WhiteTeam "Gorod Armavir (Krasnodarskiy kray)"]
[BlackTeam "Sbornaya Novosibirskoy oblasti"]
[WhiteFideId "34299360"]
[BlackFideId "4138716"]
[EventDate "2022.05.01"]

1. e4 c5 2. g3 Nc6 3. Bg2 g6 4. Ne2 Bg7 5. d3 e5 6. Nd2 Nge7 7. Nc3 d6 8. Nc4
Be6 9. Nd5 O-O 10. O-O b5 11. Nce3 Rb8 12. c3 Qd7 13. a4 b4 14. Nc4 f5 15. f4
Bf7 16. Nxe7+ Nxe7 17. fxe5 dxe5 18. Bg5 Rbe8 19. Qe2 f4 20. gxf4 exf4 21. e5
bxc3 22. bxc3 Nd5 23. Bxd5 Bxd5 24. Bxf4 Rf5 25. Rae1 Qxa4 26. Bg3 Rxf1+ 27.
Rxf1 Qd7 28. Qf2 Qh3 29. Ne3 Be6 30. c4 h5 31. Nd5 h4 32. Nf6+ Bxf6 33. Qxf6
hxg3 34. Qxg6+ Kh8 35. Qxe8+ Bg8 36. hxg3 Qxg3+ 37. Kh1 1/2-1/2

[Event "TCh-RUS HL 2022"]
[Site "Sochi RUS"]
[Date "2022.05.04"]
[Round "4.2"]
[Board "2"]
[White "Kezin, Roman"]
[Black "Vastrukhin, Oleg"]
[Result "1-0"]
[WhiteTitle "IM"]
[BlackTitle "IM"]
[WhiteElo "2510"]
[BlackElo "2376"]
[WhiteTeam "Sbornaya Novosibirskoy oblasti"]
[BlackTeam "Gorod Armavir (Krasnodarskiy kray)"]
[WhiteFideId "24124621"]
[BlackFideId "4192770"]
[EventDate "2022.05.01"]

1. d4 g6 2. e4 Bg7 3. Nc3 e6 4. f4 Ne7 5. Nf3 d5 6. e5 b6 7. a4 a5 8. g3 Ba6 9.
Bh3 Qd7 10. Ne2 h5 11. Be3 Nbc6 12. c3 Nf5 13. Bf2 f6 14. O-O fxe5 15. dxe5 Nd8
16. Re1 Nf7 17. Ned4 N7h6 18. b4 Bc4 19. Qc2 O-O 20. b5 Ng4 21. Bxg4 hxg4 22.
Nd2 Rfd8 23. Nxc4 dxc4 24. Qe2 c5 25. Nc6 Qd3 26. Qxg4 Qxc3 27. Qxg6 Re8 28.
Rad1 Nd4 29. Bxd4 cxd4 30. Nxd4 1-0

[Event "TCh-RUS HL 2022"]
[Site "Sochi RUS"]
[Date "2022.05.04"]
[Round "4.2"]
[Board "3"]
[White "Ivanov, Alexander Al."]
[Black "Obgolts, Erik"]
[Result "1/2-1/2"]
[WhiteTitle "GM"]
[BlackTitle "FM"]
[WhiteElo "2400"]
[BlackElo "2437"]
[WhiteTeam "Gorod Armavir (Krasnodarskiy kray)"]
[BlackTeam "Sbornaya Novosibirskoy oblasti"]
[WhiteFideId "4126360"]
[BlackFideId "24199044"]
[EventDate "2022.05.01"]

1. e4 c5 2. Nf3 d6 3. Bb5+ Nd7 4. a4 a6 5. Bc4 Ngf6 6. Qe2 e6 7. a5 Be7 8. d3
O-O 9. Nc3 Ng4 10. Bd2 Nge5 11. O-O Nxf3+ 12. Qxf3 Ne5 13. Qd1 Nc6 14. Ne2 d5
15. Bb3 dxe4 16. dxe4 Bf6 17. Bc3 Bxc3 18. Qxd8 Rxd8 19. Nxc3 Bd7 20. Na4 Nxa5
21. Nxc5 Nxb3 22. Nxb3 Bc6 23. f3 b6 24. Rfd1 a5 25. Nd4 Be8 26. Kf2 Rac8 27. c3
Kf8 28. Ke3 Ke7 29. e5 f6 30. exf6+ gxf6 31. g4 Bd7 32. Rd2 e5 33. Ne2 Bb5 34.
Rad1 Rxd2 35. Rxd2 Bxe2 36. Kxe2 Ke6 37. Ke3 a4 38. h3 b5 39. Rd1 Rb8 40. Ra1
Rd8 41. Rf1 Rc8 42. Rd1 Rb8 43. Ra1 Kd5 44. Kd3 h5 45. gxh5 Rh8 46. h4 Ke6 47.
b3 axb3 48. Rb1 Rxh5 49. Rxb3 Kd6 50. Rb4 Kc5 51. Re4 Kd5 52. Rb4 Kc5 53. Re4
Rh8 54. Ke3 Kd5 1/2-1/2

[Event "TCh-RUS HL 2022"]
[Site "Sochi RUS"]
[Date "2022.05.04"]
[Round "4.2"]
[Board "4"]
[White "Khubukshanov, Erdem"]
[Black "Derjabin, Ilja"]
[Result "0-1"]
[WhiteTitle "FM"]
[BlackTitle "IM"]
[WhiteElo "2392"]
[BlackElo "2353"]
[WhiteTeam "Sbornaya Novosibirskoy oblasti"]
[BlackTeam "Gorod Armavir (Krasnodarskiy kray)"]
[WhiteFideId "54114527"]
[BlackFideId "14104768"]
[EventDate "2022.05.01"]

1. e4 c5 2. Nf3 d6 3. d4 cxd4 4. Nxd4 Nf6 5. Nc3 a6 6. Be3 e5 7. Nb3 Be7 8. f3
Be6 9. Qd2 O-O 10. O-O-O a5 11. a4 Nc6 12. Kb1 Nb4 13. g4 Rc8 14. g5 Nh5 15. Rg1
g6 16. Qf2 Nf4 17. Bb6 Qe8 18. Bxa5 Rxc3 19. bxc3 Qxa4 20. Bxb4 Ra8 21. Rd5 Nxd5
22. exd5 Bxd5 23. c4 Be6 24. Qb6 Qa2+ 25. Kc1 Bf5 26. Qf2 b5 27. cxb5 Rc8 28.
Bc5 dxc5 29. Bc4 Qa3+ 30. Kb1 Rd8 31. Qe2 Qb4 32. Kb2 Ra8 33. Ra1 Rxa1 34. Kxa1
Bxg5 35. Bd5 Bf6 36. Kb1 Bd7 37. Qc4 Bxb5 38. Qxc5 Qxc5 39. Nxc5 Be7 40. Nd3 Bd6
41. c4 Ba6 42. Nf2 Kg7 43. Ne4 Be7 44. Kc2 f5 45. Nc3 Bc5 46. Kb3 h5 47. Ka4 Bg1
48. h3 h4 49. Nb5 Bc8 50. Nd6 Bd7+ 51. Kb4 f4 52. c5 Bxh3 53. c6 Kf6 54. Ka5 Ke7
55. Nc4 Bd4 56. Nxe5 Bxe5 0-1

[Event "TCh-RUS HL 2022"]
[Site "Sochi RUS"]
[Date "2022.05.04"]
[Round "4.3"]
[Board "1"]
[White "Gordievsky, Dmitry"]
[Black "Kim, Alexey"]
[Result "0-1"]
[WhiteTitle "GM"]
[BlackTitle "GM"]
[WhiteElo "2559"]
[BlackElo "2464"]
[WhiteTeam "Russkaya shakhmatnaya shkola-1 (g. Moskva)"]
[BlackTeam "Shkola im. M.M. Botvinnika (g. Moskva)"]
[WhiteFideId "24112798"]
[BlackFideId "4129776"]
[EventDate "2022.05.01"]

1. e4 c5 2. Nf3 d6 3. d4 cxd4 4. Nxd4 Nf6 5. Nc3 a6 6. Rg1 e5 7. Nb3 Be6 8. g4
d5 9. exd5 Nxd5 10. Nxd5 Qxd5 11. Qxd5 Bxd5 12. Be3 Nc6 13. O-O-O O-O-O 14. Bb6
Rd6 15. g5 Be6 16. Rg3 Rxd1+ 17. Kxd1 Be7 18. c3 e4 19. Nd2 Bd6 20. Rg2 Bf5 21.
Be2 Ne5 22. Bd4 Rd8 23. h4 Ng6 24. Bxg7 Nxh4 25. Rg1 Bc5 26. Bd4 Bxd4 27. cxd4
Rxd4 28. Ke1 Kd8 29. Rg3 Be6 30. a3 Ke7 31. Bf1 Kd6 32. Re3 Ke5 33. Rc3 Kf4 34.
Rc7 Rd7 35. Rc5 Rd5 36. Rc7 Rxg5 37. Rxb7 Rg1 38. Kd1 Nf3 0-1

[Event "TCh-RUS HL 2022"]
[Site "Sochi RUS"]
[Date "2022.05.04"]
[Round "4.3"]
[Board "2"]
[White "Averin, Nikolay"]
[Black "Kryakvin, Dmitry"]
[Result "0-1"]
[BlackTitle "GM"]
[WhiteElo "2427"]
[BlackElo "2556"]
[WhiteTeam "Shkola im. M.M. Botvinnika (g. Moskva)"]
[BlackTeam "Russkaya shakhmatnaya shkola-1 (g. Moskva)"]
[WhiteFideId "24250473"]
[BlackFideId "4153278"]
[EventDate "2022.05.01"]

1. e4 e5 2. Nf3 Nc6 3. Bb5 a6 4. Ba4 Bc5 5. c3 Nge7 6. O-O Ng6 7. d4 Ba7 8. Bg5
f6 9. Be3 O-O 10. d5 Nce7 11. Bxa7 Rxa7 12. d6 cxd6 13. Qxd6 b5 14. Bb3+ Kh8 15.
a4 Rb7 16. axb5 Rb6 17. Qa3 axb5 18. Nbd2 d6 19. Rfd1 Nf4 20. g3 Nfg6 21. Ne1 f5
22. Nd3 Bb7 23. Nb4 fxe4 24. Nf1 d5 25. Nc2 Rbf6 26. Rd2 d4 27. cxd4 exd4 28.
Qa7 Qc7 29. Nxd4 Ne5 30. Ne3 N7c6 31. Nd5 Qc8 32. Nxc6 Rxc6 33. Rdd1 Qh3 34. f4
exf3 35. Rd2 Rg6 36. Qxb7 Rxg3+ 37. hxg3 Qxg3+ 38. Kf1 f2 39. Qe7 Qh3+ 40. Ke2
Qf3+ 41. Kf1 Qh3+ 42. Ke2 f1=Q+ 43. Rxf1 Qxf1+ 44. Ke3 Qf3+ 45. Kd4 Nc6+ 46. Kc5
Nxe7 0-1

[Event "TCh-RUS HL 2022"]
[Site "Sochi RUS"]
[Date "2022.05.04"]
[Round "4.3"]
[Board "3"]
[White "Grebnev, Aleksey"]
[Black "Zverev, Lev"]
[Result "0-1"]
[WhiteTitle "FM"]
[BlackTitle "CM"]
[WhiteElo "2453"]
[BlackElo "2117"]
[WhiteTeam "Russkaya shakhmatnaya shkola-1 (g. Moskva)"]
[BlackTeam "Shkola im. M.M. Botvinnika (g. Moskva)"]
[WhiteFideId "34189030"]
[BlackFideId "24250775"]
[EventDate "2022.05.01"]

1. c4 e6 2. Nc3 Nf6 3. e4 d5 4. e5 d4 5. exf6 dxc3 6. bxc3 Qxf6 7. d4 e5 8. Nf3
exd4 9. Bg5 Qe6+ 10. Be2 Be7 11. cxd4 Bxg5 12. Nxg5 Qe7 13. Qd2 O-O 14. O-O Bf5
15. Rfe1 Qf6 16. Nf3 Nd7 17. Bf1 c5 18. d5 Be4 19. Ng5 Bg6 20. Rac1 h6 21. Nh3
b6 22. f4 Rad8 23. Nf2 Qd6 24. Be2 Nf6 25. Bf3 Rfe8 26. g4 Bh7 27. h4 Nd7 28.
Kg2 h5 29. g5 Bg6 30. Nh1 f6 31. Ng3 fxg5 32. hxg5 h4 33. Ne4 Bxe4 34. Rxe4 Nf8
35. Rce1 Rxe4 36. Bxe4 Ne6 37. Qf2 Nxf4+ 38. Kh1 g6 39. Qxh4 Rd7 40. Qg4 Kg7 41.
Bf3 Rd8 42. Kg1 Rf8 43. Re3 b5 44. Re4 bxc4 45. Rxc4 Rf5 46. Bg2 Nxg2 47. Qxg2
Rxd5 48. Qb2+ Kg8 49. Qb3 Rd1+ 50. Kg2 Qd2+ 51. Kg3 Rg1+ 52. Kf3 Rf1+ 53. Kg4
Qg2+ 54. Qg3 Qe2+ 55. Kh3 Rh1+ 0-1